000 00532nam a2200193Ia 4500
008 131103s9999 xx 000 0 und d
020 _a586057021
040 _aLoreto College
041 _aEnglish
082 _a853/MOR
_bLCLIB/29046
100 _aMoravia,Alberto
245 _aTwo Women
_cAlberto Moravia; translated from the Italian by Angus Davidson
260 _aLondon
_bPanther Book
_c1984
300 _a415 p.
_c 18 cm.
650 _aItalian Fiction
700 _aDavidson,Angus,tr.
850 _aLCLIB
942 _cBK
999 _c13700
_d64179